000 00308nam a2200133Ia 4500
008 210312s9999||||xx |||||||||||||| ||und||
041 _aosm
050 _aQK15
050 _bE83.I46
100 _aKöprülü, Esat Şerefeddin
245 0 _aİlm-i nebatat
260 _c1903 - 1319
650 _aBotanik--Tarih
999 _c22425
_d22425